000 00210 a2200097 4500
001 14169
100 _aSauory T
245 _aThe art of translation
260 _aHand
_bJonathan cape
_c
090 _c11113
_d11113
942 _aNUST-CAE
_cM
_c1241
999 _c249242
_d249242